Горе от ума: Комедия в 4 действиях в стихах : [Для старшего школьного возраста]

Dades bibliogràfiques
Autor principal: Грибоедов А. С. Александр Сергеевич
Altres autors: Остров С. А. (иллюстратор)
Idioma:rus
Publicat: Москва, Советская Россия, 1983
Matèries:
Format: Llibre
KOHA link:https://koha.lib.tpu.ru/cgi-bin/koha/opac-detail.pl?biblionumber=175555

MARC

LEADER 00000nam0a2200000 4500
001 175555
005 20231101223229.0
035 |a (RuTPU)RU\TPU\book\190345 
035 |a RU\TPU\book\86006 
090 |a 175555 
100 |a 20100216d1983 e y0rusy5003 ca 
101 0 |a rus 
102 |a RU 
105 |a a z 000ay 
200 1 |a Горе от ума  |e Комедия в 4 действиях в стихах : [Для старшего школьного возраста]  |f А. С. Грибоедов  |g  Худож. С. Остров 
210 |a Москва  |c Советская Россия  |d 1983 
215 |a 198,[1] с.  |c ил.  |d 20 см 
610 1 |a русская литература 
610 1 |a комедии 
675 |a Р1  |z rus 
700 1 |a Грибоедов  |b А. С.  |c русский писатель и дипломат  |f 1791-1829  |g Александр Сергеевич  |2 stltpush  |3 (RuTPU)RU\TPU\pers\244  |9 124 
702 1 |a Остров  |b С. А.  |4 440 
801 0 |a RU  |b RuMRKP  |c 19950417  |g psbo 
801 1 |a RU  |b 63413507  |c 20050830  |g PSBO 
801 2 |a RU  |b 63413507  |c 20141219  |g PSBO 
942 |c BK